Európska diplomatická služba bakalárska práca

Gespeichert in:
Bibliographische Detailangaben
1. Verfasser: Treplán, Filip
Körperschaft: Fakulta medzinárodných vzťahov EU. Katedra medzinárodných ekonomických vzťahov a hospodárskej diplomacie
Weitere Verfasser: Mattoš, Boris, 1977-
Format: Buch
Sprache:Slowakisch
Veröffentlicht: Bratislava 2013
Tags: Tag hinzufügen
Keine Tags, Fügen Sie das erste Tag hinzu!

MARC

LEADER 00000nbm a2200000 4500
001 0172749
005 20161109112115.1
041 0 |a slo 
044 |a SK 
245 1 0 |a Európska diplomatická služba  |b bakalárska práca  |c Filip Treplán ; školiteľ: Boris Mattoš 
264 1 |a Bratislava  |c 2013 
300 |a 49 s. 
100 1 |a Treplán, Filip 
700 1 |a Mattoš, Boris, 1977- 
710 2 |a Fakulta medzinárodných vzťahov EU. Katedra medzinárodných ekonomických vzťahov a hospodárskej diplomacie